00847nam a2200193 a 450000100100000000500170001000800410002702000150006804000250008308200160010811101220012424502090024626000340045530000170048970000320050670000340053870000350057270000460060700004226620201002040036.0131121s1988 sp r 000 0 spa d a847635035X aDO-SdBNPbspacBNPHU axxxxbC749s1 aCongreso Internacional de Historia de la Lengua Españolan(1 :d1987 : 30 marzo al 4 de abrilcCáceres, España)10aActas del I Congreso Internacional de Historia de la Lengua Española :bCáceres, 30 de marzo-4 de abril de 1987 /ceditores M. Ariza A. y Salvador A. Viudas ; prólogo Juan Carlos Rodríguez Ibarra. aMadrid :bArco Libros,c1988. av. ;c25 cm.1 aAriza Viguera, Manuel,eed.1 aSalvador Plans, Antonio,eed.1 aViudas Camarasa, Antonio,eed.1 aRodríguez Ibarra, Juan Carlos,epról.